000 02287nam a2200277Ia 4500
999 _c56408
_d56408
001 23521
003 GE_BSU
005 20241011164006.0
008 181216s1947||||ge |||||||||||||| ||geo||
040 _cGE_BSU
041 _ageo
080 _a091(=511.161) + 930.2(560) + 94(479.22)(093უცხ.) + 811.353.1'373.21 გ-97
245 _aგურჯისტანის ვილაიეთის დიდი დავთარი. წ. 1 /
_cთურქული ტექსტი გამოსცა, თარგმანი, გამოკვლევა, კომენტარები და წინასიტყვაობა ქართულ რუსულ ენებზე დაურთო სერგი ჯიქიამ; საქართველოს სსრ. მეცნიერებათა აკადემია, ნ. მარის სახ. ენის, ისტორიისა და მატერიალური კულტურის ინსტიტუტი.
264 _aთბილისი :
_bსაქ. სსრ მეცნ. აკად. გამ-ბა და სტ.,
_c1947.
300 _e534 გვ.:
_a 25 სმ.
500 _aდამატ. თავფურ. რუს. ენ. ტექსტი ქართ., რუს. და თურქ. ენ.
520 _aტექსტი ქართ., რუს. და თურქ. ენ.
541 _h15 ლ.
653 _aთურქული ისტორიული საბუთები
653 _aთურქული ხელნაწერები
653 _aსაქართველოს ისტორიის უცხოური წყაროები
653 _a ქართული ტოპონიმიკა თურქეთში
700 _aჯიქია, სერგი
_eშემდგენელი. მთარგმნელი
_93544
710 _aსაქართველოს სსრ. მეცნიერებათა აკადემია.
_b ნ. მარის სახ. ენის, ისტორიისა და მატერიალური კულტურის ინსტიტუტი.
_923391
942 _cBK
_2udc